00445nam a22001577a 4500003000800000005001700008008004100025020001800066040001700084041000800101082001500109100002400124245008000148260004000228300001900268IBSLLIB20260509061040.0260509b |||||||| |||| 00| 0 eng d a9780061829871 aIBSLLIBbeng hEng a338.4bHIM aHimelstein , Linda  aThe King of VodkabThe Story of Pyotr Smirnov and the Upheaval of an Empire aNew York : bHarperCollins , c2009 a384 p ;b23 cm